|
|
|
|
| LEADER |
00000nab a2200000 a 4500 |
| 001 |
vtls000729526 |
| 003 |
SK-MaSNL |
| 005 |
20260302200130.0 |
| 008 |
040806c2000 xo 0 slo |
| 015 |
|
|
|a SNBRB2000/08-22228
|
| 035 |
|
|
|a CLN000081662
|
| 040 |
|
|
|a SNKBUCL
|b slo
|c SNKBUCL
|e AACR2
|
| 041 |
0 |
|
|a slo
|
| 044 |
|
|
|a xo
|c SK
|
| 080 |
|
|
|a 82.09:885.4-3(048)
|2 UDC-MRF-SK2
|
| 080 |
|
|
|a 885.4-3(048)
|2 UDC-MRF-SK2
|
| 100 |
1 |
|
|a Michálek, Martin,
|d 1973-
|4 aut
|9 119177
|
| 245 |
1 |
0 |
|a Postindustriálny kaleidoskop Viliama Klimáčka
|b balans na hrane fantázie a reality
|c Martin Michálek
|
| 650 |
0 |
7 |
|a slovenské romány
|2 snkbucl
|9 103163
|
| 650 |
0 |
7 |
|a spoločenské romány
|2 snkbucl
|9 340433
|
| 655 |
|
7 |
|a recenzie
|2 snkbucl
|9 21907
|
| 655 |
|
7 |
|a články z novín a časopisov
|2 snkbucl
|9 267496
|
| 773 |
0 |
|
|x 1335-468X
|t Slovo. Politicko-spoločenský týždenník
|g Roč. 2, č. 1 (2000), s. 10
|
| 787 |
0 |
8 |
|i Rec.:
|a Klimáček, Viliam, 1958-
|t Váňa Krutov
|d Levice : L.C.A., 1999
|
| 850 |
|
|
|a Slovenská národná knižnica v Martine
|
| 852 |
|
|
|a SNK
|b KIS3GCP
|
| 999 |
|
|
|c 1455352
|d 1457282
|